000 00478nam a2200145Ia 4500
008 100122s9999 xx 000 0 und d
082 _b67104
_a823
100 _aGARDNER E S
245 _aTHE CASE OF THE VELVET CLAWS ( THE FIRST PERRY MASON MYSTERY)
260 _bBALLANINE BOOKS
_c1985
300 _a215
630 _aTHE CASE OF THE VELVET CLAWS ( THE FIRST PERRY MASON MYSTERY)
730 _aTHE CASE OF THE VELVET CLAWS ( THE FIRST PERRY MASON MYSTERY)
942 _cBOOK
999 _c380773
_d380770